| 000 | 00656nam a22002177a 4500 | ||
|---|---|---|---|
| 003 | BUBTL | ||
| 008 | 160402b xxu||||| |||| 00| 0 eng d | ||
| 020 | _a978-81-89874-18-6 | ||
| 082 | _a005.133 / D2601c | ||
| 100 |
_93241 _aDas, Swarup Kumar |
||
| 245 |
_aComputer Applications & C Programming / _cSwarup Kumar Das, Sanat Ghoshal |
||
| 250 | _a1st ed. | ||
| 260 |
_aKolkata : _bPlatinum Publishers, _cc2012. |
||
| 300 |
_axv,335 p.: _bill. ; _c24 cm. |
||
| 650 | 0 |
_9457 _aComputer Science |
|
| 700 |
_93242 _aGhoshal, Sanat |
||
| 760 | _b1st | ||
| 856 |
_k0 _l0 _yDownload |
||
| 942 |
_2ddc _cBK |
||
| 999 |
_c5197 _d5197 |
||